[Event "HUN-chT2 Barcza 1112 "]
[Site "Hungary"]
[Date "2012.03.25"]
[Round "8"]
[White "Zelei, Zoltan"]
[Black "Antos, Zoltan"]
[Result "1-0"]
[WhiteElo "2022"]
[BlackElo "2003"]
[PlyCount "209"]
[EventDate "2011.09.25"]
[EventType "team-tourn"]
[EventRounds "11"]
[EventCountry "HUN"]
[SourceTitle "EXT 2013"]
[Source "ChessBase"]
[SourceDate "2012.11.22"]
[SourceVersion "1"]
[SourceVersionDate "2012.11.22"]
[SourceQuality "1"]
[WhiteTeam "Mezokovesd"]
[BlackTeam "Nadudvar"]
[WhiteTeamCountry "HUN"]
[BlackTeamCountry "HUN"]

1. d4 Nf6 2. Nf3 g6 3. g3 Bg7 4. Bg2 0-0 5. 0-0 d6 6. c4 c6 7. Nc3 Nbd7 8. e4 e5 9. d5 c5 10. Ne1 Ne8 11. Nd3 f5 12. f3 Nb6 13. b3 f4 14. Qc2 g5 15. g4 Kf7 16. Kf2 Rh8 17. Rh1 Nf6 18. Kg1 h5 19. h3 Nbd7 20. a4 a5 21. Bd2 Nf8 22. Be1 Ng6 23. Qe2 Bd7 24. Ra2 Rh6 25. Qd1 b6 26. Bf1 Qe7 27. Rah2 Rah8 28. Qe2 Qd8 29. Qg2 R8h7 30. Be2 Qh8 31. Bd1 Bf8 32. Bf2 Be7 33. Be1 Bc8 34. Be2 Nf8 35. Bd1 N8d7 36. Be2 Nb8 37. Bd1 Na6 38. Na2 Bd8 39. Be2 Kf8 40. Bf2 Qg7 41. Be1 Rh8 42. Bd1 Bd7 43. Bc3 Be8 44. Qb2 Bc7 45. Qg2 Qh7 46. Be1 Bg6 47. Nf2 Nb4 48. Nc3 Ke7 49. Nb5 Bd8 50. Nc3 Be8 51. Bd2 Nd7 52. Qf1 hxg4 53. fxg4 Bg6 54. Qe2 Nf6 55. Bc1 Be8 56. Bd2 Nd7 57. Nb1 Nf8 58. Bxb4 cxb4 59. Nd2 Ng6 60. Nf3 Kf8 61. Bc2 Bd7 62. Rg2 Qg7 63. Bd1 R8h7 64. Qf1 Qh8 65. Rgh2 Kf7 66. Bc2 Kf6 67. Qg2 b5 68. axb5 Bb6 69. Kf1 Qc8 70. Bd3 Qc5 71. Nd1 Nh4 72. Nxh4 Rxh4 73. Be2 Be8 74. Bf3 Rb7 75. Qb2 Ra7 76. Qa2 Bg6 77. Rd2 Rah7 78. Nf2 Qe3 79. Kg2 Qc5 80. Nd3 Qc8 81. Nf2 Qh8 82. c5 dxc5 83. d6 Rd7 84. Qb2 Qe8 85. Be2 Bf7 86. Bc4 Bxc4 87. bxc4 Qe6 88. Rd5 Rxd6 89. Rhd1 Rxd5 90. Rxd5 Rh7 91. Nd3 Bc7 92. Nxc5 Qe8 93. Nd3 Re7 94. c5 Qxb5 95. Qb3 Bb8 96. Rd8 Re6 97. Rh8 Re8 98. Rh7 Re7 99. Rh6+ Kg7 100. Rh5 Qe8 101. Rxg5+ Kh6 102. Rg8 Qb5 103. Rh8+ Kg6 104. Qg8+ Rg7 105. Qe6+ 1-0

[Event "HUN-chT2 Barcza 1112 "]
[Site "Hungary"]
[Date "2011.10.30"]
[Round "2"]
[White "Bekesi, Janos"]
[Black "Zelei, Zoltan"]
[Result "1/2-1/2"]
[WhiteElo "1959"]
[BlackElo "2022"]
[PlyCount "38"]
[EventDate "2011.09.25"]
[EventType "team-tourn"]
[EventRounds "11"]
[EventCountry "HUN"]
[SourceTitle "EXT 2013"]
[Source "ChessBase"]
[SourceDate "2012.11.22"]
[SourceVersion "1"]
[SourceVersionDate "2012.11.22"]
[SourceQuality "1"]
[WhiteTeam "Tiszavasvar"]
[BlackTeam "Mezokovesd"]
[WhiteTeamCountry "HUN"]
[BlackTeamCountry "HUN"]

1. d4 d5 2. Nf3 Nf6 3. c4 e6 4. cxd5 exd5 5. Bg5 Be7 6. e3 Bf5 7. Bd3 Bxd3 8. Qxd3 c6 9. 0-0 Nbd7 10. Nc3 0-0 11. Rac1 Re8 12. Rfe1 Qa5 13. Nd2 Bb4 14. Bxf6 Nxf6 15. a3 Bxc3 16. Rxc3 Ne4 17. Nxe4 dxe4 18. Qc4 Rad8 19. Rec1 Qg5 1/2-1/2

[Event "HUN-chT2 Barcza 1112 "]
[Site "Hungary"]
[Date "2011.09.25"]
[Round "1"]
[White "Miklosi, Attila"]
[Black "Zelei, Zoltan"]
[Result "0-1"]
[WhiteElo "2118"]
[BlackElo "2022"]
[PlyCount "79"]
[EventDate "2011.09.25"]
[EventType "team-tourn"]
[EventRounds "11"]
[EventCountry "HUN"]
[SourceTitle "EXT 2013"]
[Source "ChessBase"]
[SourceDate "2012.11.22"]
[SourceVersion "1"]
[SourceVersionDate "2012.11.22"]
[SourceQuality "1"]
[WhiteTeam "Hajduboszormeny"]
[BlackTeam "Mezokovesd"]
[WhiteTeamCountry "HUN"]
[BlackTeamCountry "HUN"]

1. d4 d5 2. Nf3 e6 3. Bf4 Nf6 4. e3 Nbd7 5. c4 Ne4 6. a3 c6 7. Bd3 Ndf6 8. 0-0 Bd6 9. Bxd6 Qxd6 10. Nc3 Nxc3 11. bxc3 b6 12. cxd5 exd5 13. Ne5 0-0 14. h3 Ne4 15. Qc2 f6 16. Nf3 Re8 17. a4 Bd7 18. Rfe1 Kh8 19. c4 Rac8 20. Qb1 g5 21. a5 b5 22. c5 Qe7 23. Qc2 g4 24. hxg4 Bxg4 25. Nh2 Bh5 26. g4 Rg8 27. f3 Ng5 28. Kf2 Qc7 29. Rh1 Bg6 30. Nf1 Kg7 31. Ng3 Rce8 32. a6 Rxe3 33. Nh5+ Bxh5 34. Kxe3 Re8+ 35. Kf2 Qf4 36. Rxh5 Qxf3+ 37. Kg1 Qxg4+ 38. Qg2 Qxh5 39. Rb1 Qf3 40. Qxf3 0-1

[Event "HUN-chT2 Barcza 1011"]
[Site "Hungary"]
[Date "2011.04.17"]
[Round "9.5"]
[White "Zelei, Zoltan"]
[Black "Bai, Attila"]
[Result "1/2-1/2"]
[WhiteElo "2010"]
[BlackElo "2240"]
[PlyCount "65"]
[EventDate "2010.09.12"]
[EventType "team-tourn"]
[EventRounds "11"]
[EventCountry "HUN"]
[SourceTitle "EXT 2012"]
[Source "ChessBase"]
[SourceDate "2011.11.24"]
[SourceVersion "1"]
[SourceVersionDate "2011.11.24"]
[SourceQuality "1"]
[WhiteTeam "Mezokovesd"]
[BlackTeam "Edeleny"]
[WhiteTeamCountry "HUN"]
[BlackTeamCountry "HUN"]

1. d4 Nf6 2. Nf3 e6 3. c4 c5 4. e3 b6 5. Be2 Bb7 6. 0-0 a6 7. b3 Qc7 8. Bb2 Be7 9. Nbd2 0-0 10. Qc2 cxd4 11. Bxd4 Nc6 12. Bc3 Rfc8 13. Qb2 Qd8 14. Rfd1 Qf8 15. a4 d5 16. Ne5 Bb4 17. Bd4 Nxd4 18. Qxd4 Bc5 19. Qh4 Rd8 20. Bf3 Bb4 21. Ng4 Be7 22. Qg3 Nxg4 23. Qxg4 Rab8 24. cxd5 Bxd5 25. Bxd5 Rxd5 26. Nc4 Bf6 27. Rab1 Rxd1+ 28. Rxd1 b5 29. Nd2 Bc3 30. Nb1 Bf6 31. Nd2 Bc3 32. Nb1 Bf6 33. Nd2 1/2-1/2

[Event "HUN-chT2 Barcza 1011"]
[Site "Hungary"]
[Date "2011.04.10"]
[Round "8.7"]
[White "Sandor, Lajos"]
[Black "Zelei, Zoltan"]
[Result "1/2-1/2"]
[WhiteElo "1847"]
[BlackElo "2010"]
[PlyCount "99"]
[EventDate "2010.09.12"]
[EventType "team-tourn"]
[EventRounds "11"]
[EventCountry "HUN"]
[SourceTitle "EXT 2012"]
[Source "ChessBase"]
[SourceDate "2011.11.24"]
[SourceVersion "1"]
[SourceVersionDate "2011.11.24"]
[SourceQuality "1"]
[WhiteTeam "Tiszavasvar"]
[BlackTeam "Mezokovesd"]
[WhiteTeamCountry "HUN"]
[BlackTeamCountry "HUN"]

1. e4 e6 2. c4 c5 3. Nf3 Nc6 4. Nc3 a6 5. d4 cxd4 6. Nxd4 Bb4 7. Qd3 Qc7 8. f4 Nge7 9. Be3 0-0 10. Be2 d5 11. 0-0 Bxc3 12. bxc3 dxe4 13. Qxe4 Bd7 14. Bd3 f5 15. Qf3 Ng6 16. Qh5 Nxd4 17. cxd4 Bc6 18. Rac1 Qd6 19. d5 Qa3 20. dxc6 Qxd3 21. Qf3 bxc6 22. Rfd1 Qa3 23. Qf2 Rfd8 24. Bc5 Qa4 25. Bd6 Rd7 26. Rd4 Rad8 27. c5 Qb5 28. Qe3 Kf7 29. Re1 Re8 30. Qa3 a5 31. g3 Ne7 32. Qb3 Qxb3 33. axb3 Nd5 34. Ra4 Ra8 35. Rea1 Rda7 36. Be5 g6 37. Kf2 Ke8 38. Kf3 Kd7 39. g4 Ke7 40. g5 Kf7 41. h4 Nb4 42. Ke2 Nd5 43. Rh1 Kg8 44. h5 gxh5 45. Rxh5 Ne7 46. Bd6 Ng6 47. Kd3 Rb7 48. Kc3 Rb5 49. Rh3 Re8 50. Ra1 1/2-1/2

[Event "HUN-chT2 Barcza 1011"]
[Site "Hungary"]
[Date "2010.11.21"]
[Round "6.6"]
[White "Zelei, Zoltan"]
[Black "Halmi, Bence"]
[Result "1-0"]
[WhiteElo "2010"]
[BlackElo "2076"]
[PlyCount "68"]
[EventDate "2010.09.12"]
[EventType "team-tourn"]
[EventRounds "11"]
[EventCountry "HUN"]
[SourceTitle "EXT 2012"]
[Source "ChessBase"]
[SourceDate "2011.11.24"]
[SourceVersion "1"]
[SourceVersionDate "2011.11.24"]
[SourceQuality "1"]
[WhiteTeam "Mezokovesd"]
[BlackTeam "Kazincbarcika"]
[WhiteTeamCountry "HUN"]
[BlackTeamCountry "HUN"]

1. d4 d5 2. c4 e6 3. Nc3 Nf6 4. e3 Be7 5. Nf3 0-0 6. b3 b6 7. Be2 Bb7 8. 0-0 Ne4 9. Bb2 f5 10. Ne5 Rf6 11. f4 Rh6 12. Nxe4 dxe4 13. Qe1 Nd7 14. Rd1 Nf6 15. Kh1 Nh5 16. Bxh5 Rxh5 17. Qe2 Rh6 18. Rg1 Ba3 19. g4 Bxb2 20. Qxb2 Rf6 21. Rd2 Qe7 22. gxf5 exf5 23. Rdg2 g6 24. d5 c6 25. Nxg6 Rxg6 26. Rxg6+ hxg6 27. Rxg6+ Kh7 28. Qg2 Qh4 29. Rg3 cxd5 30. Rh3 Qxh3 31. Qxh3+ Kg6 32. Qg3+ Kf7 33. Qg5 dxc4 34. Qxf5+ Ke7 1-0